Quiz rappeurs français 2024 - Statistiques

Statistiques générales
  • Ce quiz a été pris 1 653 fois
  • Le résultat moyen est 60 sur 201
Statistiques - réponses
Son Rappeur % Correct
Réseaux Niska
95%
La vie qu'on mène Ninho
89%
Bande organisée Jul
85%
Au DD PNL
85%
Macarena Damso
81%
DIE Gazo
81%
FADE UP Hamza
80%
Fade Up SCH
80%
Petrouchka PLK
77%
Bolide allemand SDM
77%
Mwaka Moon Kalash
76%
La kiffance Naps
76%
Médicament Booba
73%
Diarabi Kaaris
73%
Daddy chocolat Koba LaD
72%
On verra Nekfeu
72%
Meuda Tiakola
72%
Papers Zola
71%
Freeze Raël Freeze corleone
70%
Macaroni Leto
69%
Désaccordé Vald
67%
Woin Woin Larry
66%
Distant Maes
65%
afro trap part. 7 (la puissance) MHD
65%
Sur ma route Black M
64%
Djomb - Bien ou quoi Bosh
64%
CANADA 1PLIKÉ140
63%
Grand bain Dadju
63%
Moulaga Heuss L'enfoiré
63%
Petrouchka Soso Maness
63%
Placebo Dinos
62%
Urus Favé
61%
Air max Rim'k
61%
Joli bébé Naza
60%
Fixette Ziak
60%
Arrêt du cœur Kalash Criminel
59%
Rêves bizarres Orelsan
59%
Est-ce que tu m'aimes ? GIMS
58%
Las Vegas Jok'air
57%
Suavemente Soolking
57%
J'aime Bien ! Josman
56%
Fume à fond Lorenzo
56%
Cabeza Oboy
56%
Woin Woin RK
56%
En feu Soprano
56%
Chop - Nouvelle école Fresh
55%
Habitué Dosseh
54%
Finale - Nouvelle école Dau
50%
MAUVAIS PAYEUR La Fève
50%
A la fête Uzi
50%
Solitaire Werenoi
50%
Trop beau Lomepal
48%
Je danse le mia IAM
47%
Solaar pleure MC Solaar
47%
TOUT VA BIEN Alonzo
45%
Pas bête Beendo Z
45%
HRTBRK #2 Kaza
45%
Sundance Népal
45%
Liquide Shay
45%
philly flingo Alpha Wann
44%
J'fais mes affaires Djadja & Dinaz
44%
J'picole Sasso
44%
Me gusta DTF
43%
SPECIAL Laylow
43%
Pour deux âmes solitaires (part.1) Luidji
43%
Filtré Timal
41%
Bécane Yamê
40%
Tout s'en va Luv Resval
37%
Peur Kerchak
36%
Jamais Mister V
35%
Crois-moi Da uzi
34%
Dommage Bigflo & Oli
33%
FUM22 NOCIVE Green Montana
33%
GARÇON Luther
33%
Sur le drapeau Suprême NTM
33%
J'aurais pas dû S-Crew
32%
Acharné 4 ISK
31%
Pierre, feuille, papier, ciseaux Columbine
30%
Désolé Sexion d'Assaut
30%
Chien d'la casse Diddi Trix
29%
RENCONTRE Disiz
29%
Ça canarde Guy2bezbar
29%
Paradise Lefa
29%
Tout oublier Romeo Elvis
29%
Skiboy menace Santana
28%
Gravé dans la roche Sniper
28%
Qui sait ? Niro
27%
Joli Zed
27%
Elle pleut Nemir
26%
Rodé So la lune
26%
Distanciel J9ueve
25%
Vréalité Kekra
25%
Bulma MMZ
25%
Casseurs flowters infinity Gringe
24%
Ron Van Clief Osirus Jack
23%
Andale Sadek
23%
Juste pour voir Spri noir
23%
Suga suga Doums
22%
D&G Khali
22%
VIN ITALIEN Yvnnis
22%
EUROVISION Ashe 22
21%
Motel Ashh
21%
Mec de Panam Jrk 19
21%
Obito BU$HI
20%
Inachevés Casseurs Flowters
20%
Sensation Houdi
20%
Erotiquement votre Krisy
20%
Montfermeil Caballero
19%
X-Men JeanJass
19%
Killcam Nes
19%
Skurt Cobain Sneazzy
19%
HINATA Tif
19%
çalavie Wallace Cleaver
19%
Sans toi Zamdane
19%
Nautilus Alkpote
17%
AMF - Nouvelle école Coelho
17%
Éternité Jazzy bazz
17%
Héra Georgio
16%
Méchant 4 Kodes
16%
Sex (Interlude) MadeInParis
16%
Mahmouma Niaks
16%
Là-haut Hugo TSR
15%
Soldat tue soldat Infinit'
14%
C'est ça les rats L'Allemand
14%
Ma go Moji x Sboy
14%
Music sounds better with you Rounhaa
14%
Magenta Bekar
13%
Trucs sentimentaux Ben PLG
13%
GANGTAKA Jolagreen23
13%
Drill Fr 6 -S.M.B LEVELSANTANA
13%
Je m'appelle - Remix Mig
13%
AVM YG Pablo
13%
Je t'aime si je peux (Interlude) Zuukou mayzie
13%
Opium BB Jacques
12%
RIP DOLPH Zequin
12%
Trotski Winnterzuko
11%
SOUL Jeune Lion
10%
Civilisé Lunatic
10%
Balotelli Prince Waly
10%
Elle m'a dit Still Fresh
10%
Bad Boys de Marseille, Pt. 2 Akhenaton
9%
Tu rêves Deen Burbigo
9%
Schémas monotones EDGE
9%
SOLITERRIEN Ikaz Boi
9%
Skateboard Jewel Usain
9%
Mood Liim’s
9%
Merci bonne journée Mairo
9%
Délit Nono La Grinta
9%
Léon Selug
9%
RVRE 404Billy
8%
AJCENSION Ajna
8%
Que la fafa F430
8%
Némésis Genezio
8%
10 balles H JeuneCrack
8%
38 spécial Roi Heenok
8%
Journal de bord Roshi
8%
Tatooine Savage Toddy
8%
HEB Sto
8%
DECEPTICONS Zeu
8%
Californie Caballero & JeanJass
7%
Dans ma rue - High for the Chronic ! Doc Gynéco
7%
OK Malo
7%
OMERTÀ Moha MMZ
7%
Freestyle Hors-Série Mougli
7%
La promo Negrito
7%
Diamant Sean
7%
Un cadeau Slimka
7%
Fuck mes rêves S-Pion
7%
Blueface 8ruki
6%
.pk tu pleures? Advm
6%
Ivy baby hayabusa
6%
Constantine Black Jack Obs
6%
.50BMG FEMTOGO
6%
Zénith Mademoiselle Lou
6%
STATION II - DIGITAL EMOTIONS Prinzly
6%
95 Cheu-b
5%
ANOTHER KID ThaHomey
5%
Joueur 1 Tuerie
5%
+74 AAMO
4%
Regarde le monde Arsenik
4%
21 gapman
4%
Hitman Go Makala
4%
Secte part. 2 Norsacce Berlusconi
4%
C ma shit pt. 2 Realo
4%
Traceur So la zone
4%
HNINA Stony stone
4%
20 ANS 34murphy
3%
Focus Di-meh
3%
Blueface JMK$
3%
Baltimore Kobo
3%
Enfants perdus Rouge Carmin
3%
Broken Smeels
3%
8H36 wasting shit
3%
Hier encore Esso luxueux
2%
Amore Lazer MMZ
2%
MAUVAISE LIAISON Lyre
2%
C'est pas d'ma faute c'est l'mood Chinwvr
1%
A l'aise Enima
1%
Bye Bye Fixpen Sill
1%
Prestige Kay the prodigy
1%
Mental robdbloc
1%
Aucun quiz correspondant
Distribution des résultats
% des personnes avec chaque résultat
Percentile par nombre de réponses
Votre historique - résultats
Vous n’avez pas pris ce quiz